000 00619nam a2200205Ia 4500
008 131103s9999 xx 000 0 und d
020 _a0 571 11351 6
040 _aLoreto College
041 _aEnglish
082 _a920/PEA
_bLCLIB/23594
100 _aEdwards, Ruth Dudley
245 _aPatrick Pearse
_b the triumph of failure
_cRuth Dudley Edwards
260 _aLondon
_bFaber & Faber
_c1979
300 _axi,384p.
_c 20cm.
504 _aIncludes bibliographical references, glossary & index
650 _aPearse, Patrick Henry - Biography
651 _aBiography
850 _aLCLIB/920/PEA
942 _cBK
999 _c25024
_d75503